LIBRARY ONLINE CATALOGUE

The Nairobi Law Monthly (Record no. 17857)

MARC details
000 -LEADER
fixed length control field 00400nam a22001337a 4500
008 - FIXED-LENGTH DATA ELEMENTS--GENERAL INFORMATION
fixed length control field 190517b xxu||||| |||| 00| 0 eng d
040 ## - CATALOGING SOURCE
Original cataloging agency KABU
Transcribing agency KABU
110 ## - MAIN ENTRY--CORPORATE NAME
Corporate name or jurisdiction name as entry element The Nairobi Business Monthly Ltd
245 ## - TITLE STATEMENT
Title The Nairobi Law Monthly
Statement of responsibility, etc. The Nairobi Business Monthly Ltd
260 ## - PUBLICATION, DISTRIBUTION, ETC. (IMPRINT)
Place of publication, distribution, etc. Nairobi, Kenya
Name of publisher, distributor, etc. The Nairobi Business Monthly Ltd
300 ## - PHYSICAL DESCRIPTION
Extent v: ill.
650 ## - SUBJECT ADDED ENTRY--TOPICAL TERM
Topical term or geographic name as entry element Periodicals
942 ## - ADDED ENTRY ELEMENTS (KOHA)
Source of classification or shelving scheme Library of Congress Classification
Koha item type Periodicals
Holdings
Withdrawn status Lost status Source of classification or shelving scheme Not for loan Home library Current library Date acquired Total Checkouts Barcode Date last seen Price effective from Koha item type
    Library of Congress Classification   Kabarak, Main Campus Kabarak, Main Campus 23/07/2019   023578 23/07/2019 23/07/2019 Periodicals